Military Aircraft by Picture #2 - Statistics

General Stats
  • This quiz has been taken 70 times
  • The average score is 4 of 16
Answer Stats
Picture Answer % Correct
FA-18 Hornet
98%
Su-57 Felon
78%
KF-21 Boramae
40%
A-4 Skyhawk
28%
CH-53 Stallion
26%
EA-18 Growler
26%
SH-60 Seahawk
24%
Su-75 Checkmate
24%
P-8 Posidon
22%
Yak-130
9%
U-28 Draco
5%
Gulfstream C-37
3%
SH-2 Seasprite
3%
ARH-70
2%
E-11
2%
MC-55 Peregrine
0%
No matching quizzes found
Score Distribution
Percent of People with Each Score
Percentile by Number Answered
Your Score History
You have not taken this quiz